书目信息 |
| 题名: |
蛤蚧高效养殖技术有问必答
|
|
| 作者: | 潘红平 , 陈成 主编 | |
| 分册: | ||
| 出版信息: | 北京 化学工业出版社 2016.03 |
|
| 页数: | 181页 | |
| 开本: | 21cm | |
| 丛书名: | ||
| 单 册: | ||
| 中图分类: | S865.4 | |
| 科图分类: | ||
| 主题词: | 蛤蚧--药用动物--饲养管理--问题解答 | |
| 电子资源: | ||
| ISBN: | 978-7-122-26149-6 | |
| 000 | 00889nam0 2200241 450 | |
| 001 | 4603 | |
| 005 | 20181012140444.31 | |
| 010 | @a978-7-122-26149-6@dCNY25.00 | |
| 100 | @a20160411d2016 em y0chiy50 ea | |
| 101 | 0 | @achi |
| 102 | @aCN@b110000 | |
| 105 | @aa z 000yy | |
| 200 | 1 | @a蛤蚧高效养殖技术有问必答@9ge jie gao xiao yang zhi ji shu you wen bi da@b专著@f潘红平,陈成主编 |
| 210 | @a北京@c化学工业出版社@d2016.03 | |
| 215 | @a181页@c图@d21cm | |
| 300 | @a农村书屋系列 | |
| 330 | @a本书以问答的形式介绍了蛤蚧养殖过程中需要掌握的各个核心技术要点和从业者关心的问题,包括蛤蚧的经济价值和养殖前景、蛤蚧的特性、蛤蚧的饲料及配制、蛤蚧人工养殖场的设计与建造等。 | |
| 606 | 0 | @a蛤蚧@x药用动物@x饲养管理@j问题解答 |
| 690 | @aS865.4@v5 | |
| 701 | 0 | @a潘红平@9pan hong ping@4主编 |
| 701 | 0 | @a陈成@9chen cheng@4主编 |
| 801 | 0 | @aCN@b91MARC@c20160516 |
| 905 | @aMuseLib@dS865.4@e169 | |
| 蛤蚧高效养殖技术有问必答/潘红平,陈成主编.-北京:化学工业出版社,2016.03 |
| 181页:图;21cm |
| 农村书屋系列 |
| ISBN 978-7-122-26149-6:CNY25.00 |
| 本书以问答的形式介绍了蛤蚧养殖过程中需要掌握的各个核心技术要点和从业者关心的问题,包括蛤蚧的经济价值和养殖前景、蛤蚧的特性、蛤蚧的饲料及配制、蛤蚧人工养殖场的设计与建造等。 |
| ● |
| 相关链接 |
|
|
|
|
正题名:蛤蚧高效养殖技术有问必答
索取号:S865.4/169
 
预约/预借
| 序号 | 登录号 | 条形码 | 馆藏地/架位号 | 状态 | 备注 |
| 1 | 1125926 | 211259261 | 第二样本阅览室/ [索取号:S865.4/169] | 在馆 | |
| 2 | 1125927 | 211259270 | 第三借阅区/ [索取号:S865.4/169] | 在馆 | |
| 3 | 1125928 | 211259289 | 第三借阅区/ [索取号:S865.4/169] | 在馆 | |
| 4 | 1125929 | 211259298 | 第三借阅区/ [索取号:S865.4/169] | 在馆 | |
| 5 | 1125930 | 211259305 | 密集书库-生命科学系/ [索取号:S865.4/169] | 在馆 |